| 000 | 00781nam a22002177a 4500 | ||
|---|---|---|---|
| 999 |
_c15484 _d15484 |
||
| 003 | AR-CdUCM | ||
| 008 | 190427b ||||| |||| 00| 0 spa d | ||
| 040 |
_aMUNICIPALIDAD PROVINCIAL DEL CUSCO _cBIBLIOTECA MUNICIPAL DEL CUSCO |
||
| 082 |
_a869.26 / _bG92 / 1918 |
||
| 100 |
_aGuillén, Alberto _911051 |
||
| 245 | _aPrometeo / | ||
| 260 |
_aArequipa : _bTip. Quiroz Perea, _c1918. |
||
| 300 |
_aXXIII, 135 páginas ; _c20 cm. |
||
| 505 | _aContenido: Ofrenda -- Elogio -- Pórtico -- El despertar -- Prometeo -- La voz unánime -- El poeta -- La caja de Pandora ... | ||
| 650 |
_aLiteratura _983 |
||
| 650 |
_aSiglo XX _98 |
||
| 700 |
_aHidalgo, Alberto (portico) _934581 |
||
| 700 |
_aUrquieta, Miguel A. (elogio) _934582 |
||
| 942 |
_2ddc _cLIBROS |
||
| 945 |
_aachl _d2019-04-27 |
||